[Event "South Wales Autumn Open 2017"]
[Site "Pencoed"]
[Date "2017.10.13"]
[Round "1.1"]
[White "Toczek, Grzegorz"]
[Black "Van Kemenade, Rudy"]
[Result "1-0"]
[WhiteElo "2258"]
[BlackElo "1998"]
[PlyCount "89"]
[EventDate "2017.10.13"]
[EventType "swiss"]
[EventRounds "5"]
[EventCountry "WLS"]
[SourceDate "2017.10.14"]

1. e4 e5 2. Nc3 Nc6 3. g3 Bc5 4. Bg2 h5 5. h3 h4 6. g4 Nge7 7. d3 d6 8. Be3 Be6
9. Qd2 Bb4 10. a3 Ba5 11. b4 Bb6 12. Nd5 Bxe3 13. fxe3 Nb8 14. Ne2 c6 15. Nxe7
Qxe7 16. c4 Nd7 17. O-O f6 18. Rac1 Bf7 19. a4 c5 20. a5 b6 21. b5 Nf8 22. axb6
axb6 23. Ra1 Rb8 24. Ra6 Qc7 25. Rfa1 Nd7 26. Nc3 O-O 27. Qf2 g5 28. Qf5 Kg7
29. Nd5 Bxd5 30. exd5 Rf7 31. Be4 Nf8 32. Qf2 Kh6 33. Ra7 Rb7 34. Rxb7 Qxb7 35.
Qa2 Kg7 36. Qa8 Re7 37. Qd8 Rd7 38. Qe8 Re7 39. Qc6 Rc7 40. Qxd6 Rd7 41. Qc6
Rc7 42. d6 Rxc6 43. bxc6 Qc8 44. c7 f5 45. Ra8 1-0

[Event "South Wales Autumn Open 2017"]
[Site "Pencoed"]
[Date "2017.10.13"]
[Round "1.2"]
[White "May, Adam J"]
[Black "Brown, Thomas"]
[Result "1/2-1/2"]
[WhiteElo "1935"]
[BlackElo "2059"]
[PlyCount "46"]
[EventDate "2017.10.13"]
[EventType "swiss"]
[EventRounds "5"]
[EventCountry "WLS"]
[SourceDate "2017.10.14"]

1. c4 g6 2. g3 c5 3. Bg2 Nc6 4. Nc3 Bg7 5. Nf3 e6 6. d3 Nge7 7. Bg5 h6 8. Bd2
d5 9. Qc1 b6 10. O-O Bb7 11. Rb1 Qd7 12. Rd1 Nd4 13. e3 Nxf3+ 14. Bxf3 dxc4 15.
Bxb7 Qxb7 16. dxc4 O-O 17. Qc2 f5 18. e4 Nc6 19. Ne2 Rad8 20. Bc3 Bxc3 21. Qxc3
Qg7 22. Qxg7+ Kxg7 23. exf5 exf5 1/2-1/2

[Event "South Wales Autumn Open 2017"]
[Site "Pencoed"]
[Date "2017.10.14"]
[Round "1.3"]
[White "Musson, Adam J"]
[Black "Turner, Joseph David"]
[Result "0-1"]
[WhiteElo "2049"]
[BlackElo "1888"]
[PlyCount "84"]
[EventDate "2017.10.13"]
[EventType "swiss"]
[EventRounds "5"]
[EventCountry "WLS"]
[SourceDate "2017.10.14"]

1. d4 d5 2. c4 Nc6 3. Nc3 Nf6 4. Bg5 Ne4 5. Nxe4 dxe4 6. e3 f6 7. d5 Ne5 8. Bf4
Ng6 9. Bg3 e5 10. Qb3 a5 11. a3 b6 12. f3 exf3 13. Nxf3 Bd6 14. e4 f5 15. Bd3
O-O 16. O-O-O f4 17. Bf2 a4 18. Qc3 Qe7 19. h4 h5 20. Be2 Bg4 21. Rd2 Rab8 22.
Rc2 Bc5 23. Bd1 Rfc8 24. Ne1 c6 25. Bxg4 hxg4 26. h5 Bxf2 27. Rxf2 cxd5 28.
exd5 b5 29. Rc2 Rxc4 30. Qd2 Rd4 31. Qe2 Qg5 32. Kb1 Ne7 33. Nd3 Rxd5 34. Rc7
Rbd8 35. Nc5 Rd2 36. Qxb5 Qf5+ 37. Ka2 Nd5 38. Nxa4 Nxc7 39. Qc4+ Qe6 40. Nb6
Rb8 41. Qxe6+ Nxe6 42. Nc4 Rxg2 0-1

[Event "South Wales Autumn Open 2017"]
[Site "Pencoed"]
[Date "2017.10.13"]
[Round "1.4"]
[White "Dixon, Chris"]
[Black "Young, Alan"]
[Result "1/2-1/2"]
[WhiteElo "1805"]
[BlackElo "2044"]
[PlyCount "50"]
[EventDate "2017.10.13"]
[EventType "swiss"]
[EventRounds "5"]
[EventCountry "WLS"]
[SourceDate "2017.10.14"]

1. d4 d5 2. Nc3 Nf6 3. Bf4 Bf5 4. e3 c6 5. f3 e6 6. g4 Bg6 7. h4 h6 8. Bd3 Bxd3
9. Qxd3 Bd6 10. Nge2 Qc7 11. O-O-O Nbd7 12. Bxd6 Qxd6 13. e4 dxe4 14. Nxe4 Nxe4
15. fxe4 O-O-O 16. Kb1 Qc7 17. Qa3 Kb8 18. Qf3 f6 19. h5 Rhe8 20. Nc3 Ka8 21.
Qe2 Nb6 22. Rhe1 Qe7 23. a3 Rd7 24. Rd2 Red8 25. Red1 Kb8 1/2-1/2

[Event "South Wales Autumn Open 2017"]
[Site "Pencoed"]
[Date "2017.10.13"]
[Round "1.5"]
[White "Ralphs, Nigel"]
[Black "Van Kemenade, Julie"]
[Result "1-0"]
[WhiteElo "2043"]
[BlackElo "1694"]
[PlyCount "49"]
[EventDate "2017.10.13"]
[EventType "swiss"]
[EventRounds "5"]
[EventCountry "WLS"]
[SourceDate "2017.10.14"]

1. e4 d6 2. d4 c6 3. Nc3 Nd7 4. f4 Qc7 5. Nf3 e5 6. Bd3 Ngf6 7. O-O Be7 8. Kh1
h5 9. fxe5 dxe5 10. dxe5 Ng4 11. e6 fxe6 12. e5 Nf8 13. Qe2 Bd7 14. Bf4 O-O-O
15. Ne4 Ng6 16. Nd6+ Bxd6 17. exd6 Qb6 18. Bxg6 Rdf8 19. Ne5 Qd8 20. Nf7 Rxf7
21. Bxf7 g5 22. Be5 Rh6 23. Bg7 Rh7 24. Bxh5 Rxg7 25. Bxg4 1-0

[Event "South Wales Autumn Open 2017"]
[Site "Pencoed"]
[Date "2017.10.13"]
[Round "1.6"]
[White "Morgans, Justin"]
[Black "Garcia, Jason"]
[Result "1/2-1/2"]
[WhiteElo "1613"]
[BlackElo "2026"]
[PlyCount "60"]
[EventDate "2017.10.13"]
[EventType "swiss"]
[EventRounds "5"]
[EventCountry "WLS"]
[SourceDate "2017.10.14"]

1. d4 f5 2. Nf3 Nf6 3. Bg5 e6 4. e3 b6 5. Be2 Bb7 6. O-O Be7 7. c4 O-O 8. Nc3
d6 9. Rc1 Nbd7 10. Re1 Qe8 11. Nb5 Bd8 12. a3 e5 13. b4 a6 14. Nc3 Qg6 15. Bxf6
Bxf6 16. Nd5 Bd8 17. dxe5 Nxe5 18. Nf4 Qe8 19. Nd4 Kh8 20. Nfe6 Rf6 21. Nf4 c5
22. Nf3 Ra7 23. Nd5 Rh6 24. Nxe5 dxe5 25. g3 g5 26. Qc2 Bc8 27. Red1 f4 28. Qc3
Rg7 29. Rd2 Bf6 30. Rcd1 Rd7 1/2-1/2

[Event "South Wales Autumn Open 2017"]
[Site "Pencoed"]
[Date "2017.10.13"]
[Round "1.7"]
[White "Fathallah, Joe"]
[Black "Jansen Van Rensburg, Leon"]
[Result "1-0"]
[WhiteElo "2011"]
[BlackElo "1584"]
[PlyCount "48"]
[EventDate "2017.10.13"]
[EventType "swiss"]
[EventRounds "5"]
[EventCountry "WLS"]
[SourceDate "2017.10.14"]

1. d4 Nf6 2. c4 g6 3. Nc3 Bg7 4. e4 d6 5. f3 h6 6. Be3 Nbd7 7. Qd2 e6 8. Bd3 e5
9. d5 b6 10. Nge2 Nc5 11. Nc1 a6 12. O-O Nh5 13. b4 Nb7 14. Nb3 Qf6 15. c5 Nf4
16. cxb6 Qg5 17. Kh1 cxb6 18. g3 Qf6 19. gxf4 exf4 20. Bd4 Qxd4 21. Nxd4 Bxd4
22. Bb5+ axb5 23. Qxd4 O-O 24. Nxb5 Bh3 1-0

[Event "South Wales Autumn Open 2017"]
[Site "Pencoed"]
[Date "2017.10.14"]
[Round "2.1"]
[White "Fathallah, Joe"]
[Black "Toczek, Grzegorz"]
[Result "1-0"]
[WhiteElo "2011"]
[BlackElo "2258"]
[Annotator "User,Windows"]
[PlyCount "123"]
[EventDate "2017.10.13"]
[EventType "swiss"]
[EventRounds "5"]
[EventCountry "WLS"]
[SourceDate "2017.10.14"]

1. d4 Nf6 2. c4 e6 3. Nc3 Bb4 4. Qc2 O-O 5. Bg5 h6 6. Bh4 c5 7. dxc5 Bxc5 8.
Nf3 Nc6 9. a3 Be7 10. e4 d6 11. Rd1 Qa5 12. Be2 Rd8 13. O-O a6 14. Rd3 Bd7 15.
Qd2 Be8 16. Rd1 b5 17. cxb5 axb5 18. Bxf6 Bxf6 19. Rxd6 Rxd6 20. Qxd6 Bxc3 21.
bxc3 Qxa3 22. Qxa3 Rxa3 23. Bxb5 Rxc3 24. Kf1 Kf8 25. Ke2 g5 26. h3 Ke7 27. Rd3
Rc5 28. Bxc6 Bxc6 29. Ke3 Kf6 30. h4 Bb5 31. hxg5+ hxg5 32. Ra3 Rc1 33. g4 Rb1
34. Rc3 Ba6 35. Ra3 Bb7 36. Rc3 Ra1 37. Rb3 Ba6 38. Rc3 Bf1 39. Nd2 Re1+ 40.
Kd4 e5+ 41. Kc5 Be2 42. f3 Ke6 43. Kc6 Rd1 44. Nb3 f6 45. Kc7 Ke7 46. Re3 Rd7+
47. Kc6 Bd1 48. Rc3 Rd8 49. Kc7 Be2 50. Re3 Bc4 51. Na5 Rd7+ 52. Kc6 Ba6 53.
Nb3 Rd8 54. Kb6 Bf1 55. Kc7 Rd1 56. Rc3 Be2 57. Re3 Rd7+ 58. Kc6 Bd1 59. Rc3
Ra7 60. Nc5 Be2 61. Re3 Ra2 62. Rb3 {Black lost on time, having misunderstood
the time control.} 1-0

[Event "South Wales Autumn Open 2017"]
[Site "Pencoed"]
[Date "2017.10.14"]
[Round "2.2"]
[White "Turner, Joseph David"]
[Black "Ralphs, Nigel"]
[Result "1/2-1/2"]
[WhiteElo "1888"]
[BlackElo "2043"]
[PlyCount "60"]
[EventDate "2017.10.13"]
[EventType "swiss"]
[EventRounds "5"]
[EventCountry "WLS"]
[SourceDate "2017.10.14"]

1. e4 e5 2. f4 d5 3. exd5 exf4 4. Bc4 Qh4+ 5. Kf1 f3 6. Bb5+ c6 7. Nxf3 Qd8 8.
dxc6 bxc6 9. Bc4 Nf6 10. Ne5 Be6 11. Qe2 Bxc4 12. Qxc4 Qc7 13. Qe2 Be7 14. d4
O-O 15. Bf4 Qb7 16. b3 Nd5 17. Bd2 Nd7 18. c4 Nxe5 19. cxd5 Ng6 20. dxc6 Qxc6
21. Nc3 Bf6 22. d5 Qd7 23. Rd1 Rfe8 24. Qf3 Re5 25. g4 Nh4 26. Qg3 h6 27. Bf4
Ree8 28. h3 Rac8 29. Bd2 Rc5 30. b4 Rc4 1/2-1/2

[Event "South Wales Autumn Open 2017"]
[Site "Pencoed"]
[Date "2017.10.14"]
[Round "2.3"]
[White "Kett, Tim"]
[Black "May, Adam J"]
[Result "1-0"]
[WhiteElo "2202"]
[BlackElo "1935"]
[PlyCount "115"]
[EventDate "2017.10.13"]
[EventType "swiss"]
[EventRounds "5"]
[EventCountry "WLS"]
[SourceDate "2017.10.14"]

1. d4 d5 2. Nf3 Nf6 3. c4 e6 4. Nc3 Bb4 5. cxd5 exd5 6. Bg5 Qd6 7. Rc1 Ne4 8.
e3 Nxg5 9. Nxg5 Bf5 10. Bd3 Bxd3 11. Qxd3 h6 12. Nf3 Nd7 13. O-O O-O 14. Nb5
Qa6 15. Rxc7 Nf6 16. a3 Ba5 17. Rc2 Rad8 18. Ne5 Ne4 19. f3 Nd2 20. Rfc1 f6 21.
Ng6 Rfe8 22. b4 Nc4 23. Rxc4 Qxb5 24. R4c3 Qxd3 25. Rxd3 Bb6 26. Kf2 Kf7 27.
Nf4 Re7 28. h4 g5 29. hxg5 hxg5 30. Ne2 Kg6 31. Nc3 a6 32. Na4 Ba7 33. Nc5 Rde8
34. a4 Bb8 35. a5 Bd6 36. Rb1 Rc8 37. Rc3 Rec7 38. Rbc1 Kf7 39. Rh1 Kg6 40. g4
Re7 41. Ne4 Rd8 42. Nxd6 Rxd6 43. Rh8 Rdd7 44. Rhc8 Kg7 45. R3c5 Kf7 46. Rh8
Kg6 47. Rcc8 Kf7 48. Rh7+ Ke6 49. Rxe7+ Kxe7 50. f4 Kf7 51. f5 Ke7 52. Kf3 Kf7
53. Rc5 Ke7 54. e4 dxe4+ 55. Kxe4 Kf7 56. d5 Ke7 57. Rc8 Kf7 58. Kd4 1-0

[Event "South Wales Autumn Open 2017"]
[Site "Pencoed"]
[Date "2017.10.14"]
[Round "2.4"]
[White "Brown, Thomas"]
[Black "White, Ernest M"]
[Result "1-0"]
[WhiteElo "2059"]
[BlackElo "1837"]
[PlyCount "75"]
[EventDate "2017.10.13"]
[EventType "swiss"]
[EventRounds "5"]
[EventCountry "WLS"]
[SourceDate "2017.10.14"]

1. d4 d5 2. c4 e6 3. Nc3 Nf6 4. Nf3 Be7 5. Bf4 c6 6. e3 O-O 7. Qc2 Qa5 8. Bd3
dxc4 9. Bxc4 b5 10. Bd3 Na6 11. Qd2 Nb4 12. Be2 Ba6 13. a3 Nbd5 14. Nxd5 Qxd2+
15. Nxd2 Nxd5 16. Bg3 Bb7 17. Nb3 Rac8 18. O-O f6 19. Rfc1 Kf7 20. Na5 Ba8 21.
b4 Bd8 22. Nb3 Bb6 23. Rc2 Rfe8 24. Rac1 Bb7 25. Bd6 e5 26. Nc5 Bxc5 27. Bxc5
a6 28. dxe5 fxe5 29. Rd1 Kg6 30. e4 Nf6 31. Rcd2 h5 32. f3 Kg5 33. Be3+ Kg6 34.
g4 hxg4 35. fxg4 Kf7 36. g5 Nxe4 37. Rd7+ Kg6 38. Bd3 1-0

[Event "South Wales Autumn Open 2017"]
[Site "Pencoed"]
[Date "2017.10.14"]
[Round "2.5"]
[White "Young, Alan"]
[Black "Morgans, Justin"]
[Result "1-0"]
[WhiteElo "2044"]
[BlackElo "1613"]
[PlyCount "61"]
[EventDate "2017.10.13"]
[EventType "swiss"]
[EventRounds "5"]
[EventCountry "WLS"]
[SourceDate "2017.10.14"]

1. e4 d5 2. exd5 Nf6 3. Nf3 Nxd5 4. d4 Bg4 5. Be2 e6 6. O-O Be7 7. c4 Nf6 8. h3
Bh5 9. Qb3 Qc8 10. Nc3 Nbd7 11. Bf4 c6 12. Rac1 O-O 13. Rfe1 Re8 14. Qd1 Bb4
15. a3 Bxc3 16. Rxc3 Qd8 17. g4 Bg6 18. Bd3 Nf8 19. Ne5 Bxd3 20. Rxd3 h6 21.
Kg2 N6d7 22. Qb3 Qb6 23. Nxd7 Nxd7 24. c5 Qa6 25. g5 Rad8 26. Rg3 hxg5 27. Bxg5
Rc8 28. Qc2 Nf8 29. Bf6 g6 30. Qd2 Nh7 31. Be5 1-0

[Event "South Wales Autumn Open 2017"]
[Site "Pencoed"]
[Date "2017.10.14"]
[Round "2.6"]
[White "Garcia, Jason"]
[Black "Jaberansari, Daniel"]
[Result "1-0"]
[WhiteElo "2026"]
[BlackElo "1422"]
[PlyCount "101"]
[EventDate "2017.10.13"]
[EventType "swiss"]
[EventRounds "5"]
[EventCountry "WLS"]
[SourceDate "2017.10.14"]

1. e4 e6 2. d4 d5 3. Nc3 Nf6 4. Bg5 dxe4 5. Nxe4 Be7 6. Bxf6 gxf6 7. Nf3 Nd7 8.
Qe2 b6 9. O-O-O Bb7 10. g3 f5 11. Nc3 Nf6 12. Bg2 Ne4 13. Nxe4 Bxe4 14. Ne1
Bxg2 15. Nxg2 Qd5 16. Ne3 Qxa2 17. Qb5+ Kf8 18. Kd2 Qa5+ 19. Qxa5 bxa5 20. Ke2
Rb8 21. Ra1 Rxb2 22. Rxa5 Rb7 23. Rha1 Kg7 24. Rxa7 Rhb8 25. Kd3 Bd6 26. Nc4
Kf6 27. R7a6 Bf8 28. Ne5 c5 29. Ra8 Rxa8 30. Rxa8 cxd4 31. Rxf8 Kxe5 32. f4+
Kf6 33. Kxd4 Rd7+ 34. Ke3 Rc7 35. Kd2 Kg7 36. Rd8 f6 37. c3 e5 38. Rd5 Re7 39.
c4 exf4 40. Rxf5 fxg3 41. hxg3 Rc7 42. Kd3 Kg6 43. g4 h6 44. Kd4 Kf7 45. Rh5
Kg6 46. c5 Kg7 47. Rd5 Kf7 48. Rd6 Ke7 49. Kd5 Kf7 50. c6 Ke7 51. Kc5 1-0

[Event "South Wales Autumn Open 2017"]
[Site "Pencoed"]
[Date "2017.10.14"]
[Round "2.7"]
[White "Van Kemenade, Rudy"]
[Black "Dixon, Chris"]
[Result "1/2-1/2"]
[WhiteElo "1998"]
[BlackElo "1805"]
[PlyCount "182"]
[EventDate "2017.10.13"]
[EventType "swiss"]
[EventRounds "5"]
[EventCountry "WLS"]
[SourceDate "2017.10.14"]

1. d4 d5 2. Nf3 Nc6 3. g3 Bf5 4. Bg2 Nb4 5. Na3 e6 6. O-O Nf6 7. Ne5 c6 8. c3
Na6 9. Qa4 Qc8 10. f3 Be7 11. e4 dxe4 12. fxe4 Bxe4 13. Bxe4 Nxe4 14. Rxf7 Bf6
15. Qc2 Bxe5 16. Rf1 Bxd4+ 17. cxd4 Nf6 18. Nc4 Qd7 19. Rd1 O-O 20. b3 Nb4 21.
Qd2 Nbd5 22. Ba3 Rfd8 23. Ne5 Qc7 24. Rac1 Ne4 25. Qd3 Nd6 26. Rf1 Rf8 27.
Rxf8+ Rxf8 28. Nc4 Rd8 29. Bxd6 Rxd6 30. Nxd6 Qxd6 31. Qe4 Nf6 32. Qe5 Qxe5 33.
dxe5 Nd7 34. Rd1 Nxe5 35. Rd8+ Kf7 36. Rb8 b5 37. b4 Nf3+ 38. Kf2 Nxh2 39. Rb7+
Kf6 40. Rxa7 Ng4+ 41. Kf3 Ne5+ 42. Ke4 h5 43. Ra8 Nf7 44. Kd4 Nd6 45. Ke3 Nf5+
46. Kf2 Nd4 47. Rd8 e5 48. Rf8+ Ke6 49. Rh8 g6 50. a3 Kf5 51. Rf8+ Ke6 52. Re8+
Kf6 53. Ke3 Nf5+ 54. Kf3 Nd4+ 55. Ke4 Nf5 56. Rf8+ Ke6 57. Kf3 Nd4+ 58. Kf2 Ke7
59. Ra8 Kf6 60. Rf8+ Ke7 61. Rh8 Kf6 62. Kg2 Ke7 63. Rc8 Kf6 64. Kh3 Ke7 65. g4
hxg4+ 66. Kxg4 Kf7 67. Kg5 Ne6+ 68. Kh6 Nd4 69. Kg5 Ne6+ 70. Kg4 Nd4 71. Kg3
Kf6 72. Kf2 g5 73. Ke3 Nf5+ 74. Kf3 e4+ 75. Kf2 e3+ 76. Ke2 Ke5 77. Kd3 g4 78.
Rxc6 Kf4 79. a4 g3 80. axb5 g2 81. Rc1 Kf3 82. b6 Nd6 83. Rg1 e2 84. b7 Nxb7
85. Kd2 Nd6 86. Rxg2 Kxg2 87. Kxe2 Kg3 88. Ke3 Kg4 89. Kd4 Nb5+ 90. Kc5 Na3 91.
b5 Nxb5 1/2-1/2

[Event "South Wales Autumn Open 2017"]
[Site "Pencoed"]
[Date "2017.10.14"]
[Round "2.8"]
[White "Van Kemenade, Julie"]
[Black "Musson, Adam J"]
[Result "0-1"]
[WhiteElo "1694"]
[BlackElo "2049"]
[PlyCount "92"]
[EventDate "2017.10.13"]
[EventType "swiss"]
[EventRounds "5"]
[EventCountry "WLS"]
[SourceDate "2017.10.14"]

1. e4 e5 2. Nf3 Nc6 3. Bb5 a6 4. Ba4 Nf6 5. d3 b5 6. Bb3 Be7 7. c3 O-O 8. O-O
d6 9. Nbd2 Na5 10. Bc2 c5 11. Re1 Nc6 12. Nf1 Re8 13. h3 Bf8 14. g4 Qc7 15. Ng3
Be6 16. Bg5 Nd7 17. Nh4 f6 18. Bd2 d5 19. Kh1 Nb6 20. b3 Rad8 21. Ngf5 c4 22.
Qe2 d4 23. Rad1 dxc3 24. Bxc3 g6 25. Rg1 Kh8 26. Bb2 gxf5 27. gxf5 Bf7 28. Qg4
Bh6 29. Ng6+ Bxg6 30. fxg6 Nd4 31. Bxd4 exd4 32. dxc4 Qf4 33. Qh5 Re5 34. Qe2
Bg5 35. Rg4 Qf5 36. Bd3 Qxg6 37. f4 Qh6 38. Qh2 Bxf4 39. Rxf4 Rh5 40. Rf3 Rg8
41. Rdf1 Nd7 42. R1f2 Ne5 43. Rxf6 Qe3 44. h4 Ng4 45. Qd6 Nxf2+ 46. Rxf2 Rxh4+
0-1

[Event "South Wales Autumn Open 2017"]
[Site "Pencoed"]
[Date "2017.10.14"]
[Round "3.1"]
[White "Brown, Thomas"]
[Black "Fathallah, Joe"]
[Result "1-0"]
[WhiteElo "2059"]
[BlackElo "2011"]
[PlyCount "91"]
[EventDate "2017.10.13"]
[EventType "swiss"]
[EventRounds "5"]
[EventCountry "WLS"]
[SourceDate "2017.10.14"]

1. d4 e6 2. c4 f5 3. g3 Nf6 4. Bg2 Be7 5. Nf3 O-O 6. Nc3 d5 7. cxd5 exd5 8. O-O
c6 9. Qc2 Ne4 10. Ne5 Be6 11. f3 Nxc3 12. Qxc3 Nd7 13. Nd3 Qb6 14. Be3 Rac8 15.
b4 Bf6 16. Rfb1 Rfe8 17. Nc5 Nxc5 18. bxc5 Qa6 19. Bf1 b6 20. Bf2 Qc4 21. Qxc4
dxc4 22. cxb6 axb6 23. Rxb6 c5 24. e3 cxd4 25. exd4 c3 26. Bd3 Kf7 27. a4 Rcd8
28. Rc6 Bxd4 29. Bxd4 Rxd4 30. Rxc3 Red8 31. Bf1 Rd1 32. Rcc1 Rxc1 33. Rxc1 Ra8
34. Bb5 Ra7 35. Kf2 Ke7 36. f4 Kd6 37. Rc3 Bd5 38. Ke3 Be4 39. Kd2 h6 40. Rc8
Bb7 41. Rd8+ Ke6 42. Rd7 g5 43. Rh7 gxf4 44. gxf4 Kd5 45. Kc3 Ke4 46. Rxb7 1-0

[Event "South Wales Autumn Open 2017"]
[Site "Pencoed"]
[Date "2017.10.14"]
[Round "3.2"]
[White "Ralphs, Nigel"]
[Black "Kett, Tim"]
[Result "0-1"]
[WhiteElo "2043"]
[BlackElo "2202"]
[PlyCount "90"]
[EventDate "2017.10.13"]
[EventType "swiss"]
[EventRounds "5"]
[EventCountry "WLS"]
[SourceDate "2017.10.14"]

1. e4 e5 2. Nf3 Nc6 3. Bc4 Nf6 4. d3 Be7 5. O-O d6 6. c3 O-O 7. Re1 Na5 8. Bb5
a6 9. Ba4 b5 10. Bc2 c5 11. Nbd2 Nc6 12. Nf1 Re8 13. Ng3 g6 14. h3 Bf8 15. Nh2
Bg7 16. Qf3 Rf8 17. Ng4 Nxg4 18. hxg4 Be6 19. g5 Qd7 20. Qe2 Rac8 21. Be3 Rc7
22. Rec1 Rb8 23. Bb3 b4 24. Bxe6 Qxe6 25. c4 f6 26. gxf6 Bxf6 27. Qd2 Rf7 28.
Ne2 Rbf8 29. Rf1 a5 30. f3 a4 31. Bh6 Bg7 32. Bg5 Nd4 33. Nxd4 exd4 34. Rae1
Be5 35. Bh6 Bf4 36. Bxf4 Rxf4 37. Qe2 Qf7 38. Qd1 g5 39. e5 g4 40. e6 Qe7 41.
Re4 g3 42. Rxf4 Rxf4 43. Qxa4 Qxe6 44. Qa8+ Kg7 45. Qb7+ Kh6 0-1

[Event "South Wales Autumn Open 2017"]
[Site "Pencoed"]
[Date "2017.10.14"]
[Round "3.3"]
[White "Garcia, Jason"]
[Black "Young, Alan"]
[Result "1-0"]
[WhiteElo "2026"]
[BlackElo "2044"]
[PlyCount "59"]
[EventDate "2017.10.13"]
[EventType "swiss"]
[EventRounds "5"]
[EventCountry "WLS"]
[SourceDate "2017.10.14"]

1. e4 e5 2. Nf3 Nc6 3. d4 exd4 4. Nxd4 Nf6 5. Nxc6 bxc6 6. e5 Qe7 7. Qe2 Nd5 8.
c4 Nb6 9. Nc3 Bb7 10. Bf4 g6 11. Qe3 Bg7 12. Bd3 O-O 13. O-O Rae8 14. Rfe1 Qe6
15. Rad1 Bc8 16. Qe4 d5 17. exd6 Qd7 18. Qf3 Rxe1+ 19. Rxe1 cxd6 20. Rd1 Re8
21. h3 Bb7 22. Bf1 c5 23. Qg3 Be5 24. Bxe5 Rxe5 25. Nb5 Qe7 26. Nxd6 Bc6 27. f3
Nd7 28. Nc8 Qe8 29. Nxa7 Re6 30. Qc7 1-0

[Event "South Wales Autumn Open 2017"]
[Site "Pencoed"]
[Date "2017.10.14"]
[Round "3.4"]
[White "Toczek, Grzegorz"]
[Black "Turner, Joseph David"]
[Result "1-0"]
[WhiteElo "2258"]
[BlackElo "1888"]
[PlyCount "89"]
[EventDate "2017.10.13"]
[EventType "swiss"]
[EventRounds "5"]
[EventCountry "WLS"]
[SourceDate "2017.10.14"]

1. d4 d5 2. Nf3 Nf6 3. g3 g6 4. Bg2 c6 5. O-O Bg7 6. b3 Na6 7. c4 O-O 8. Bb2 h6
9. Nc3 Be6 10. cxd5 cxd5 11. e3 Rc8 12. a3 Ne4 13. Rc1 f5 14. Ne5 Kh7 15. Qe2
Qb6 16. b4 Nc7 17. Na4 Qd6 18. f3 Bxe5 19. fxe4 Bg7 20. e5 Qd8 21. Nc5 b6 22.
Nxe6 Nxe6 23. Rxc8 Qxc8 24. Bxd5 Nd8 25. Rc1 Qd7 26. Bf3 g5 27. Qc2 e6 28. Qc7
Qb5 29. Qc4 Qd7 30. b5 g4 31. Bg2 Qe7 32. a4 h5 33. Qd3 h4 34. Ba3 Qg5 35. Bxf8
Bxf8 36. Rc7+ Kg6 37. Rxa7 Nf7 38. Qb3 Nd8 39. Rd7 Be7 40. Kf2 Kh5 41. Qc3 Nf7
42. Qc6 Nxe5 43. dxe5 Bc5 44. Rd3 f4 45. Qe8+ 1-0

[Event "South Wales Autumn Open 2017"]
[Site "Pencoed"]
[Date "2017.10.14"]
[Round "3.5"]
[White "Jansen Van Rensburg, Leon"]
[Black "Dixon, Chris"]
[Result "0-1"]
[WhiteElo "1584"]
[BlackElo "1805"]
[PlyCount "64"]
[EventDate "2017.10.13"]
[EventType "swiss"]
[EventRounds "5"]
[EventCountry "WLS"]
[SourceDate "2017.10.14"]

1. e4 d6 2. f4 Nf6 3. Nc3 g6 4. Nf3 Bg7 5. d4 c5 6. Bc4 O-O 7. O-O cxd4 8. Nxd4
Nc6 9. f5 Nxd4 10. Qxd4 Ng4 11. Qd3 Qb6+ 12. Kh1 Nf2+ 13. Rxf2 Qxf2 14. Be3 Qh4
15. Rf1 Be5 16. Bg1 e6 17. fxg6 fxg6 18. Rxf8+ Kxf8 19. Nb5 Qe7 20. Nd4 Kg7 21.
c3 Bd7 22. Nf3 Bf6 23. Qe3 e5 24. Bb3 b6 25. Bd5 Rc8 26. Bf2 Bc6 27. Bxc6 Rxc6
28. h4 Rc8 29. g4 Qf7 30. Be1 Rf8 31. Bd2 Bxh4 32. Qh6+ Kg8 0-1

[Event "South Wales Autumn Open 2017"]
[Site "Pencoed"]
[Date "2017.10.14"]
[Round "3.6"]
[White "Musson, Adam J"]
[Black "May, Adam J"]
[Result "0-1"]
[WhiteElo "2049"]
[BlackElo "1935"]
[PlyCount "78"]
[EventDate "2017.10.13"]
[EventType "swiss"]
[EventRounds "5"]
[EventCountry "WLS"]
[SourceDate "2017.10.14"]

1. d4 d5 2. Nf3 Nf6 3. g3 e6 4. Bg2 b5 5. O-O Bb7 6. b3 Nbd7 7. c4 bxc4 8. bxc4
dxc4 9. Qa4 Be7 10. Nc3 O-O 11. Rb1 Nb6 12. Qc2 c5 13. Rd1 Qc8 14. a4 Nbd5 15.
Nxd5 Bxd5 16. Ne5 Bxg2 17. Kxg2 cxd4 18. Rxd4 Qc5 19. Nf3 Rac8 20. Rb5 Qc6 21.
e4 a6 22. Rb1 Rfd8 23. Rxd8+ Rxd8 24. e5 Nd5 25. Kg1 Nb4 26. Qe2 c3 27. Bg5 c2
28. Rc1 Bxg5 29. Nxg5 h6 30. Nf3 Qxa4 31. Qe4 Rd1+ 32. Kg2 Rxc1 33. Qa8+ Kh7
34. Qe4+ g6 35. Qf4 Qd7 36. Qxc1 Qd1 37. Qf4 Kg8 38. Qxh6 c1=Q 39. Ng5 Qf1+ 0-1

[Event "South Wales Autumn Open 2017"]
[Site "Pencoed"]
[Date "2017.10.14"]
[Round "3.7"]
[White "Jaberansari, Daniel"]
[Black "Van Kemenade, Rudy"]
[Result "0-1"]
[WhiteElo "1422"]
[BlackElo "1998"]
[PlyCount "86"]
[EventDate "2017.10.13"]
[EventType "swiss"]
[EventRounds "5"]
[EventCountry "WLS"]
[SourceDate "2017.10.14"]

1. e4 e5 2. Nf3 Nf6 3. Nxe5 d6 4. Nf3 Nxe4 5. Nc3 Nxc3 6. dxc3 Be7 7. Bc4 O-O
8. O-O c6 9. Bf4 d5 10. Bb3 Bg4 11. Qd3 Nd7 12. Ne5 Nxe5 13. Bxe5 f6 14. Bf4 b5
15. Rfe1 Bc5 16. Be3 Bd6 17. Qd4 Qd7 18. Bf4 Bxf4 19. Qxf4 Rae8 20. a4 a6 21.
axb5 axb5 22. Qd4 Rxe1+ 23. Rxe1 Re8 24. Rxe8+ Qxe8 25. Qd2 Qe5 26. h3 Be6 27.
Qe3 Qxe3 28. fxe3 Bf5 29. Kf2 Be4 30. g3 Kf7 31. Ke2 Ke6 32. Kd2 Ke5 33. Ba2
Bg2 34. h4 Kf5 35. b3 c5 36. c4 dxc4 37. bxc4 b4 38. Ke2 Be4 39. Bb3 Kg4 40.
Kf2 g5 41. hxg5 fxg5 42. Ba2 Bxc2 43. Kg2 b3 0-1

[Event "South Wales Autumn Open 2017"]
[Site "Pencoed"]
[Date "2017.10.14"]
[Round "3.8"]
[White "White, Ernest M"]
[Black "Morgans, Justin"]
[Result "1/2-1/2"]
[WhiteElo "1837"]
[BlackElo "1613"]
[PlyCount "105"]
[EventDate "2017.10.13"]
[EventType "swiss"]
[EventRounds "5"]
[EventCountry "WLS"]
[SourceDate "2017.10.14"]

1. e4 c6 2. d4 d5 3. Nc3 dxe4 4. Nxe4 Bf5 5. Ng3 Bg6 6. Bc4 Nf6 7. N1e2 e6 8.
O-O Be7 9. Nf4 Nd5 10. Re1 O-O 11. c3 Nxf4 12. Bxf4 Nd7 13. Qe2 Kh8 14. Rad1
Nb6 15. Bb3 Bd6 16. Bxd6 Qxd6 17. Ne4 Bxe4 18. Qxe4 Nd5 19. Bc2 Nf6 20. Qh4
Rad8 21. Re5 h6 22. Rd3 Rfe8 23. Rh3 Qf8 24. Qf4 Rd5 25. g4 Rxe5 26. dxe5 Ng8
27. Rf3 Re7 28. Qe4 g6 29. Qxg6 fxg6 30. Rxf8 g5 31. Bb3 Kg7 32. Rd8 Kf7 33.
Kg2 b6 34. Kg3 c5 35. Bc4 Re8 36. Rxe8 Kxe8 37. Bxe6 Ne7 38. f4 Ng6 39. f5 Nxe5
40. b3 Ke7 41. h3 Nd3 42. Bc4 Ne5 43. Be2 Kf6 44. Kf2 Nf7 45. Ke3 Ke5 46. Bf3
Nd6 47. a4 Kf6 48. Bc6 Ke5 49. Bg2 a5 50. Bc6 Kf6 51. Bg2 Ke5 52. Bf3 Kf6 53.
Be2 1/2-1/2

[Event "South Wales Autumn Open 2017"]
[Site "Pencoed"]
[Date "2017.10.15"]
[Round "4.1"]
[White "Kett, Tim"]
[Black "Brown, Thomas"]
[Result "1-0"]
[WhiteElo "2202"]
[BlackElo "2059"]
[PlyCount "69"]
[EventDate "2017.10.13"]
[EventType "swiss"]
[EventRounds "5"]
[EventCountry "WLS"]
[SourceDate "2017.10.14"]

1. e4 g6 2. d4 Bg7 3. Nc3 d6 4. Be3 a6 5. Qd2 b5 6. a4 b4 7. Nd1 Nf6 8. f3 a5
9. h4 h5 10. Nh3 Ba6 11. Bxa6 Nxa6 12. Ndf2 c5 13. c3 bxc3 14. bxc3 cxd4 15.
cxd4 Nb4 16. O-O O-O 17. Nd3 Rb8 18. Rab1 Nxd3 19. Qxd3 Qc7 20. Rfc1 Rxb1 21.
Qxb1 Rb8 22. Rxc7 Rxb1+ 23. Kh2 Rb4 24. Rxe7 Rxa4 25. Ng5 Bh6 26. Bf2 Bxg5 27.
hxg5 Nh7 28. Be3 Rb4 29. d5 Rb3 30. Re8+ Nf8 31. Bd4 f5 32. gxf6 Rd3 33. e5
dxe5 34. Bc5 Kf7 35. Rxf8# 1-0